MARC

LEADER 00000nam0a2200000 4500
001 223644
005 20231101230534.0
020 |a RU  |b 90-20260 
035 |a (RuTPU)RU\TPU\book\243905 
090 |a 223644 
100 |a 20121015d1989 k y0rusy5003 ca 
101 0 |a rus 
102 |a RU 
105 |a a z 001zy 
200 1 |a Термодинамика метастабильных систем  |e сборник еаучных трудов  |f АН СССР, Уральское отделение ; под ред. Б. М. Смоляка 
210 |a Свердловск  |c УрО АН СССР  |d 1989 
215 |a 143 с.  |c ил. 
320 |a Библиогр. в конце статей 
606 1 |a Метастабильные системы  |x (теплофизика)  |2 stltpush  |3 (RuTPU)RU\TPU\subj\43424  |9 62927 
610 1 |a неравновесные процессы 
610 1 |a термодинамика 
610 1 |a фазовые переходы 
610 1 |a критические состояния 
610 1 |a устойчивость 
610 1 |a критические состояния 
610 1 |a теплообмен 
675 |a 536.423  |z rus  |v 3 
702 1 |a Смоляк  |b Б. М.  |4 340 
712 0 2 |a Академия наук СССР (АН СССР)  |b Уральское отделение  |2 stltpush  |3 (RuTPU)RU\TPU\col\11479 
801 0 |a RU  |b RuMRKP  |c 19950417  |g psbo 
801 1 |a RU  |b 63413507  |c 20121015 
801 2 |a RU  |b 63413507  |c 20190617  |g RCR 
942 |c BK